00458pab a2200157 454500008004000000100001800040245008200058260000900140300001300149362001100162650002800173650002600201650002000227700001900247773003400266180718b2015 xxu||||| |||| 00| 0 eng d aGoel, Kritika aPublic health facilities in North India: an exploratory study in four states c2015 ap.53-58. aMay 23 aHealth services - India aPublic health - India aHealth services aKhera, Reetika aEconomic and Political Weekly